Normal view
MARC view
- Aqsa Rahim
Entry Personal Name
001 - CONTROL NUMBER
- control field: 84218
003 - CONTROL NUMBER IDENTIFIER
- control field: NUST
005 - DATE AND TIME OF LATEST TRANSACTION
- control field: 20211116142710.0
008 - FIXED-LENGTH DATA ELEMENTS
- fixed length control field: 211116|| aca||aabn | a|a d
040 ## - CATALOGING SOURCE
- Original cataloging agency: NUST
- Transcribing agency: NUST
100 ## - HEADING--PERSONAL NAME
- Personal name: Aqsa Rahim
670 ## - SOURCE DATA FOUND
- Source citation: Work cat.: (NUST): Aqsa Rahim , TH-SOF-1847-Non-Invasive Human Activity Recognition using Radar dataset, 2021.
